Normal view
MARC view
Entry Personal Name
001 - CONTROL NUMBER
- control field: 17870
003 - CONTROL NUMBER IDENTIFIER
- control field: dpl
005 - DATE AND TIME OF LATEST TRANSACTION
- control field: 20100901115934.0
008 - FIXED-LENGTH DATA ELEMENTS
- fixed length control field: 100901|||a|||||| | ||| d
040 ## - CATALOGING SOURCE
- Original cataloging agency: dpl
- Transcribing agency: dpl
100 ## - HEADING--PERSONAL NAME
- Personal name: Vipan B. Kumar
670 ## - SOURCE DATA FOUND
- Source citation: Work cat.: (dpl)42816: Vipan B. Kumar, Human rights Indian Financial system and communication skills /, 2009
670 ## - SOURCE DATA FOUND
- Source citation: Work cat.: (dpl)42816: Vipan B. Kumar, Human rights Indian Financial system and communication skills /, 2009
